000 00946nam a22003017a 4500
003 CHAP
005 20220329140056.0
008 971013s1974 r 00010 d
010 _a46609
011 _a47581
035 _a51724
040 _cCHAP
082 _a509
_bU5
110 _aUniversidad de Guadalajara. Escuela de Graduados
_9116424
245 _aSeminario sobre historia y metología de la ciencia
260 _aGuadalajara, Jal. :
_bLa Universidad,
_c1974
300 _a106 p.
590 _aBATCH-UPD
_b10
_c20130110
_lUCH01
_h1632
590 _aBATCH-UPD
_b10
_c20130410
_lUCH01
_h1024
590 _aBATCH-UPD
_b10
_c20130914
_lUCH01
_h0935
590 _aCONVERSION
_b10
_c20130109
_lUCH01
_h1325
650 1 4 _aCiencia
_xHistoria.
_923125
650 1 4 _aCiencia
_xMetodología.
_923129
650 1 4 _aInvestigación.
_960221
901 _aBK
942 _cLIBRO
949 _a509 U5
_bBC
_cLIBRO
_d33724000125654
_eLIBRO
_h41602
_i51724
_mD
_si
999 _c46609
_d46609